Indian Journal of Traditional Knowledge (Record no. 5543)

MARC details
000 -LEADER
fixed length control field 00300nam a22001217a 4500
005 - DATE AND TIME OF LATEST TRANSACTION
control field 20170829155021.0
008 - FIXED-LENGTH DATA ELEMENTS--GENERAL INFORMATION
fixed length control field 170829b xxu||||| |||| 00| 0 eng d
022 ## - INTERNATIONAL STANDARD SERIAL NUMBER
ISSN 0972-5938
245 ## - TITLE STATEMENT
Title Indian Journal of Traditional Knowledge
260 ## - PUBLICATION, DISTRIBUTION, ETC. (IMPRINT)
Place of publication Delhi
Name of publisher NISCAIR
Year of publication 2017
490 ## - SERIES STATEMENT
Series statement Volume 16
942 ## - ADDED ENTRY ELEMENTS (KOHA)
Koha item type Journals/Serial
Holdings
Lost status Damaged status Home library Current library Date acquired Source of acquisition Cost, normal purchase price Accession Number Koha item type
    JRU Library   29/08/2017 Purchase 1200.00 IJTK0001 Journals/Serial
    JRU Library   29/08/2017 Purchase 1200.00 IJTK0002 Journals/Serial